| 000 | 00693nam a2200301Ia 4500 | ||
|---|---|---|---|
| 001 | Z_3624 | ||
| 003 | CHAP | ||
| 008 | 220113s1994 xx 000 0 und d | ||
| 010 | _a166706 | ||
| 040 | _cCHAP | ||
| 082 | _a633.2 V65y | ||
| 100 |
_aVoisin, Andre _9120626 |
||
| 245 |
_aProductividad de la hierba / _cAndre Voisin |
||
| 260 |
_aBuenos Aires : _bHemisferio Sur, _c1994 |
||
| 300 | _a515 p. ; ilus. | ||
| 440 | _a | ||
| 500 | _a | ||
| 503 | _a211798 | ||
| 650 |
_aPastizales _985916 |
||
| 650 |
_aPastizales _xManejo I. t. _9137425 |
||
| 650 |
_aPastos _985986 |
||
| 901 | _a633.2 V65y | ||
| 902 | _aA | ||
| 910 | _a1994 | ||
| 942 | _c1 | ||
| 942 | _cc1 | ||
| 999 |
_c166706 _d166706 |
||